The conflict cycle in the case of an adolescent in crisis

Gespeichert in:  
Bibliographische Detailangaben
VerfasserInnen: Zuk, Carma Veiga (Verfasst von) ; Zuk, Gerald H. (Verfasst von)
Medienart: Druck Aufsatz
Sprache:Englisch
Veröffentlicht: 1989
In: Contemporary family therapy
Jahr: 1989, Band: 11, Heft: 4, Seiten: 259-266
Verfügbarkeit prüfen: HBZ Gateway
Schlagwörter:

MARC

LEADER 00000caa a22000002c 4500
001 1634446925
003 DE-627
005 20230428161200.0
007 tu
008 150907s1989 xx ||||| 00| ||eng c
035 |a (DE-627)1634446925 
035 |a (DE-576)445044292 
035 |a (DE-599)BSZ445044292 
040 |a DE-627  |b ger  |c DE-627  |e rakwb 
041 |a eng 
100 1 |a Zuk, Carma Veiga  |4 aut 
245 1 4 |a The conflict cycle in the case of an adolescent in crisis  |c Carma Veiga Zuk; Gerald H. Zuk 
264 1 |c 1989 
336 |a Text  |b txt  |2 rdacontent 
337 |a ohne Hilfsmittel zu benutzen  |b n  |2 rdamedia 
338 |a Band  |b nc  |2 rdacarrier 
700 1 |a Zuk, Gerald H.  |4 aut 
773 0 8 |i In  |t Contemporary family therapy  |d New York, NY : Springer, 1986  |g 11(1989), 4, Seite 259-266  |w (DE-627)168086883  |w (DE-600)632841-6  |w (DE-576)015925935  |x 0892-2764  |7 nnas 
773 1 8 |g volume:11  |g year:1989  |g number:4  |g pages:259-266 
951 |a AR 
ELC |b 1 
LOK |0 000 xxxxxcx a22 zn 4500 
LOK |0 001 3289510557 
LOK |0 003 DE-627 
LOK |0 004 1634446925 
LOK |0 005 20150907100626 
LOK |0 008 150907||||||||||||||||ger||||||| 
LOK |0 040   |a DE-21-110  |c DE-627  |d DE-21-110 
LOK |0 689   |a s  |a Adoleszenzkrisen 
LOK |0 852   |z Kein Bestand am IfK; Nachweis für KrimDok 
LOK |0 852   |a DE-21-110 
LOK |0 852 1  |m v  |9 00 
LOK |0 935   |a k110 
LOK |0 938   |k v 
LOK |0 939   |a 07-09-15  |b l01 
ORI |a SA-MARC-krimdoka001.raw